<?xml version="1.0" encoding="UTF-8"?>
<record
    xmlns:xsi="http://www.w3.org/2001/XMLSchema-instance"
    xsi:schemaLocation="http://www.loc.gov/MARC21/slim http://www.loc.gov/standards/marcxml/schema/MARC21slim.xsd"
    xmlns="http://www.loc.gov/MARC21/slim">

  <leader>00939nam a22002177a 4500</leader>
  <controlfield tag="003">OSt</controlfield>
  <controlfield tag="005">20240722154332.0</controlfield>
  <controlfield tag="008">240722b           ||||| |||| 00| 0 eng d</controlfield>
  <datafield tag="022" ind1=" " ind2=" ">
    <subfield code="2">00080683</subfield>
  </datafield>
  <datafield tag="040" ind1=" " ind2=" ">
    <subfield code="c">AIMIT LIBRARY</subfield>
  </datafield>
  <datafield tag="082" ind1=" " ind2=" ">
    <subfield code="a">658</subfield>
    <subfield code="b">CALB</subfield>
  </datafield>
  <datafield tag="110" ind1=" " ind2=" ">
    <subfield code="a">Calcutta Statistical Association</subfield>
    <subfield code="9">173898</subfield>
  </datafield>
  <datafield tag="245" ind1=" " ind2=" ">
    <subfield code="a">Calcutta Statistical Association Bulletin /</subfield>
    <subfield code="c">By Calcutta Statistical Association.</subfield>
  </datafield>
  <datafield tag="260" ind1=" " ind2=" ">
    <subfield code="a">New Delhi :</subfield>
    <subfield code="b">Sage Publications ,</subfield>
    <subfield code="c">2019.</subfield>
  </datafield>
  <datafield tag="300" ind1=" " ind2=" ">
    <subfield code="b">HB</subfield>
    <subfield code="c">24.4 cm.</subfield>
  </datafield>
  <datafield tag="440" ind1=" " ind2=" ">
    <subfield code="a">Calcutta Statistical Association Bulletin </subfield>
    <subfield code="v">Vol.70 No.1-2/2018</subfield>
    <subfield code="9">173899</subfield>
  </datafield>
  <datafield tag="650" ind1=" " ind2=" ">
    <subfield code="a">Power analysis of collapsed ordered categories with application to cancer data</subfield>
    <subfield code="9">173900</subfield>
  </datafield>
  <datafield tag="650" ind1=" " ind2=" ">
    <subfield code="a">Clustering mixed datasets using homogeneity analysis with applications to big data</subfield>
    <subfield code="9">173901</subfield>
  </datafield>
  <datafield tag="650" ind1=" " ind2=" ">
    <subfield code="a">Pricing geometric Asian options under mixed fractional browniah motion  environment with superimposed jumps</subfield>
    <subfield code="9">173902</subfield>
  </datafield>
  <datafield tag="942" ind1=" " ind2=" ">
    <subfield code="2">ddc</subfield>
    <subfield code="c">BV</subfield>
    <subfield code="k">658 CALB</subfield>
  </datafield>
  <datafield tag="999" ind1=" " ind2=" ">
    <subfield code="c">231489</subfield>
    <subfield code="d">231489</subfield>
  </datafield>
  <datafield tag="952" ind1=" " ind2=" ">
    <subfield code="0">0</subfield>
    <subfield code="1">0</subfield>
    <subfield code="2">ddc</subfield>
    <subfield code="4">0</subfield>
    <subfield code="7">0</subfield>
    <subfield code="8">MBA</subfield>
    <subfield code="a">AIMIT</subfield>
    <subfield code="b">AIMIT</subfield>
    <subfield code="c">BV</subfield>
    <subfield code="d">2024-07-22</subfield>
    <subfield code="i">Vol.70 No.1-2/2018</subfield>
    <subfield code="l">0</subfield>
    <subfield code="o">658 CALB</subfield>
    <subfield code="p">BVM1089</subfield>
    <subfield code="r">2024-07-22 00:00:00</subfield>
    <subfield code="w">2024-07-22</subfield>
    <subfield code="y">BV</subfield>
  </datafield>
</record>
